| 000 | 01014nam a2200337 a 4500 | ||
|---|---|---|---|
| 003 | AR-BaBNM | ||
| 005 | 20251128204148.0 | ||
| 008 | 082120s2002 ||||||||||||||000 | spa|| | ||
| 020 | _a950-25-2683-x | ||
| 040 | _cAR-BaBNM | ||
| 700 | 1 | _aMitre, Bartolomé | |
| 100 | _d1821-1906 | ||
| 245 | 0 | 0 | _aHistoria de San Martín y de la independencia americana |
| 260 |
_aBuenos Aires _bCentro Editor de América Latina _c1993 |
||
| 300 | _aviii, 160 p. | ||
| 490 | 0 | _aBiblioteca básica Argentina. Serie C | |
| 500 | _aSelección, prólogo y notas de Margarita B. Pontieri. | ||
| 650 | 4 | _aLITERATURA ARGENTINA | |
| 650 | 4 | _aHISTORIA ARGENTINA | |
| 650 | 4 | _aSIGLO DIECINUEVE | |
| 650 | 4 | _aANTOLOGIAS | |
| 650 | 4 | _aHISTORIOGRAFIA ARGENTINA | |
| 650 | 4 | _aGUERRAS DE LA INDEPENDENCIA | |
| 650 | 4 | _aCAMPAÑAS LIBERTADORAS | |
| 650 | 4 | _aINDEPENDENCIA PERUANA | |
| 650 | 4 | _aGENERACION DE 1880 | |
| 655 | _aLITERATURA | ||
| 700 | 1 |
_aPontieri, Margarita B. _ecompilador |
|
| 942 | _cBK | ||
| 998 | _cGrace | ||
| 999 |
_c6428 _d6428 |
||